WWE Elimination Chamber Participants 2025 - Statistics

General Stats
  • This quiz has been taken 246 times
  • The average score is 11 of 12
Answer Stats
Match Answer % Correct
Men's CM Punk
96%
Men's John Cena
96%
Men's Seth Rollins
94%
Men's Drew McIntyre
92%
Men's Logan Paul
92%
Women's Bianca Belair
91%
Women's Liv Morgan
91%
Women's Naomi
91%
Men's Damian Priest
89%
Women's Alexa Bliss
78%
Women's Bayley
70%
Women's Roxanne Perez
70%
No matching quizzes found
Score Distribution
Percent of People with Each Score
Percentile by Number Answered
Your Score History
You have not taken this quiz